000 00546nam a2200169Ia 4500
999 _c22795
_d22795
003 OSt
005 20200512114915.0
008 190216s9999||||xx |||||||||||||| ||und||
040 _coclc
082 _a297.1977
_bSID/O
100 _aSiddiqui, Muhammad Yasin Mazhar
_92219
245 0 _aOrganisation Of Government Under The Prophet /
_cMuhammad Yasin Mazhar Siddiqui
260 _bIdarah-1 Adabiyat-1,
_c1987.
_aDelhi:
300 _a591p
650 _aIslamic History
942 _cBK
_2ddc
_h297.1977
_iSID/O
_k297.1977
_mSID/O